000
00340nam a22001577a 4500
003
SGT
020
_a
978-1-84184919-5
082
_a
615.4, F14M
100
_a
MAUTUS, DAVID
245
_a
FDA REGULATORY AFFAIRS
250
_a
3RD
260
_a
NEW YORK
_b
CRC PRESS
_c
2014
300
_a
387
650
_a
REGULATORY AFFAIRS
942
_2
ddc
_c
BK
999
_c
8149
_d
8149